Minor Simpsons Characters Quiz Stats

 Plays Quiz Updated Oct 11, 2017

Score 0/96 Timer 14:00
1 Play Today
% Correct
Jimbo Jones
81.8%
Bumblebee Man
73%
Murphy
71.7%
Radioactive Man
66.9%
Poochie
64.4%
Stampy
61.7%
Blinky
58%
Doris Freedman
57.4%
Jebediah Springfield
56.2%
Artie Ziff
56%
Elizabeth Hoover
55.3%
Horatio McCallister
54.5%
Frank Grimes
54.3%
Gil Gunderson
53.6%
Luigi Risotto
52%
Manjula Nahasa...
50.8%
Üter Zörker
49.7%
Kearney Zzyzwicz
47.2%
Lurleen Lumpkin
46.4%
Herbert Powell
45.9%
Drederick Tatum
45.4%
Sherri and Terri
44.5%
Hank Scorpio
44.2%
Gabbo
43.1%
Dr. Marvin Monroe
42.7%
Arnie Pie
41.4%
Cecil Terwilliger
40.9%
Dolphin Starbeam
40.4%
Wendell Borton
39.2%
Rabbi Hyman
37.8%
Jessica Lovejoy
37.3%
Larry Burns
37.1%
% Correct
Mindy Simmons
35.9%
Ling Bouvier
35.5%
Hugo Simpson
34.8%
Jacqueline Bouvier
34.2%
Capital City Goofball
34%
Mr. Teeny
33.8%
Cookie Kwan
33%
John
30.7%
The Rich Texan
30.6%
Freddy Quimby
30.5%
Sanjay
30.2%
Herman
28.5%
Legs
28.1%
Jacques Brunswick
26.8%
Janey Powell
26.3%
Johnny Tightlips
25.6%
Blue-Haired Lawyer
24.9%
Mojo
24.8%
Akira
24.1%
Gerald Samson
24%
Sophie Krustofski
23.9%
Rex Banner
23.9%
Ruth Powers
23.8%
The Yes Guy
23.8%
Lyle Lanley
23.7%
Number One
23.5%
Database
23.5%
Squeaky Voiced Teen
23.2%
Roger Meyers Jr.
22.7%
Pepi
21.4%
Lewis Jackson
21.3%
Larry
20.3%
% Correct
Molloy
20.3%
Dewey Largo
19.9%
Louie
18.9%
Laura Powers
18.1%
Constance Harm
18%
Old Jewish Man
16.2%
Judge Roy Snyder
16.1%
Sam
15.8%
Princess Kashmir
15.3%
Stacy Lovell
15.1%
Leopold
15%
Lindsey Naegle
14.2%
Beatrice Simmons
13.9%
Samantha Stanky
13.8%
Lance Murdock
12.8%
Allison Taylor
12.4%
Birch Barlow
10.6%
Jimmy
10.6%
Alex Whitney
10.3%
Mrs. Glick
10.1%
Bill and Marty
9.9%
Charlie
9.5%
Brad Goodman
8.6%
Richard
8.5%
Amber Dempsey
8.4%
Dr. J. Loren Pryor
7.5%
Smilin' Joe Fission
7%
Renee
5.9%
Don Brodka
5.7%
Scott Christian
5.5%
Declan Desmond
4.4%
Professor Lombardo
3.3%

You're not logged in!

Compare scores with friends on all Sporcle quizzes.
OR
Log In

Show Comments

Extras

Top Quizzes Today


Score Distribution

Your Account Isn't Verified!

In order to create a playlist on Sporcle, you need to verify the email address you used during registration. Go to your Sporcle Settings to finish the process.

Report this User

Report this user for behavior that violates our Community Guidelines.

Details: